00957cam a2200277 4500952015900000999001700159001000800176003000900184005001700193008004100210010001700251015001400268020001500282040002300297050000800320082001700328100002800345245007700373260003100450300002100481350000900502504005200511600005900563906004500622942001200667 00102ddc40718NFICaASLbASLcHCd2020-10-11eDonated by Prof. John B. Harrisonl0o923.254 WATp101680r2020-10-11 00:00:00tC-1w2020-10-11yBKzRARE c18488d184882767729BDDh-ASL20231015025717.0700205s1969 enk 001 0 eng  a 79439127  aB69-24350 a0333083520 aDLCcDLCdBDDh-ASL00aLAW00a923.254bWAT1 aWatson, Francis,d1907-14aThe trial of Mr. Gandhi /cwith a foreword by Earl Mountbatten of Burma. aLondon:bMacmillan,c1969. a288 p. :c23 cm. a63/- aIncludes bibliographical references and index. 10aGandhi,cMahatma,d1869-1948xTrials, litigation, etc. a7bcbccorignewduencipf19gy-gencatlg 2ddccBK